países com população entre 1 milhão e 5 milhões - Statistics

Estatísticas Gerais
  • Esse quiz foi jogado 49 vezes
  • A pontuação média é 20 de 34
Estatísticas das Respostas
CONTINENTE Resposta POPULAÇÃO % Correto
EUROPA LITUÂNIA 2.722.000
78%
AMÉRICA PANAMÁ 4.314.000
78%
EUROPA ESTÔNIA 1.326.000
75%
EUROPA/ÁSIA GEÓRGIA 3.989.000
75%
EUROPA LETÔNIA 1.886.000
75%
OCEANIA NOVA ZELÂNDIA 4.822.000
75%
ÁSIA QATAR 2.881.000
75%
AMÉRICA URUGUAI 3.473.000
75%
EUROPA ESLOVÊNIA 2.078.000
73%
EUROPA MACEDÔNIA DO NORTE 2,083.000
73%
ÁFRICA LESOTO 2.142.000
70%
EUROPA CROÁCIA 4.105.000
68%
EUROPA IRLANDA 4.937.000
68%
AMÉRICA JAMAICA 2.961.000
68%
EUROPA/ÁSIA ARMÊNIA 2.963.000
65%
EUROPA BÓSNIA E HERZEGOVINA 3.280.000
63%
ÁSIA KUWAIT 4,270.000
63%
EUROPA ALBÂNIA 2.877.000
60%
ÁFRICA GÂMBIA 2.416.000
58%
EUROPA MOLDÁVIA 2.640.000
58%
ÁSIA BAHREIN 1.701.000
55%
ÁFRICA GUINÉ-BISSAU 1.968.000
55%
ÁFRICA NAMÍBIA 2.540.000
55%
ÁSIA TIMOR-LESTE 1.318.000
55%
ÁFRICA ERITREIA 3.546.000
53%
ÁFRICA GUINÉ EQUATORIAL 1.402.000
53%
ÁFRICA GABÃO 2.225.000
50%
ÁSIA MONGÓLIA 3.278.000
48%
AMÉRICA TRINIDAD E TOBAGO 1.399.000
48%
ÁFRICA BOTSWANA 2.351.000
45%
ÁFRICA ILHAS MAURÍCIO 1.271.000
40%
ÁFRICA REPÚBLICA CENTRO-AFRICANA 4.829.000
40%
ÁFRICA MAURITÂNIA 4.649.000
35%
ÁFRICA ESWATINI 1.160.000
25%
Nenhum quiz correspondente encontrado
Distribuição das Pontuações
Porcentagem de Pessoas com Cada Pontuação
Percentil de Números Respondidos
Sua Pontuação Histórica
Você não jogou esse quiz